000 00357nam a2200133Ia 4500
008 231129s9999||||xx |||||||||||||| ||spa||
020 _a958-30-0043-4
040 _bspa
082 _a796.41 P434L
100 _aPerea Rosero Tucidides
245 0 _aLevantamiento de pesas
264 _aPanamericana
942 _2ddc
_cBKS
999 _c19160
_d19160